Trouver les intrus en 60 secondes #12 - Statistiques

Statistiques générales
  • Ce quiz a été pris 456 fois
  • Le résultat moyen est 5 sur 6
Statistiques - réponses
Réponse % Correct
Nombres Premiers
99%
39
78%
77
74%
51
69%
93
69%
87
64%
Aucun quiz correspondant
Distribution des résultats
% des personnes avec chaque résultat
Percentile par nombre de réponses
Votre historique - résultats
Vous n’avez pas pris ce quiz